Wszystkie skiny do Rewolwera w CS:GO - Statystyki

Ogólne statystyki
  • Ten quiz został rozwiązany 6 razy
    4 od ostatniego zresetowania
  • Średni wynik to 5 z 16
Statystyki odpowiedzi
Rodzaj (Kolor) Skin % Poprawnych
Czerwony Fade
100%
Różowy Amber Fade
50%
Niebieski Bone Mask
50%
Niebieski Crimson Web
50%
Różowy Llama Cannon
50%
Różowy Skull Crusher
50%
Niebieski Junk Yard
25%
Niebieski Memento
25%
Niebieski Nitro
25%
Fioletowy Reboot
25%
Niebieski Bone Forged
0%
Niebieski Canal Spray
0%
Niebieski Grip
0%
Niebieski Night
0%
Niebieski Phoenix Marker
0%
Niebieski Survivalist
0%
Nie znaleziono quizów pasujących do podanych kryteriów
Rozkład punktacji
Procent ludzi z każdym wynikiem
Percentyl według liczby udzielonych odpowiedzi
Twoja historia wyników
Nie rozwiązałeś tego quizu od ostatniego zresetowania